| 000 | 00595nam a22001937a 4500 | ||
|---|---|---|---|
| 999 |
_c174151 _d174151 |
||
| 005 | 20200320102503.0 | ||
| 010 | _aA-353705 | ||
| 020 | _c70.00 | ||
| 035 | _aA-353705 | ||
| 037 | _bBPPD/Pub. | ||
| 082 | _a841.08 | ||
| 100 | _aمحمد عقیل | ||
| 245 |
_aغزل کے نیے جیات / _cمحمد عقیل |
||
| 246 |
_aGhazal ke Nae Jahaat / _bby Mohd. Aqil |
||
| 260 |
_aNew Delhi _bMaktaba Jadeed _c1988 ء |
||
| 270 |
_a9/10, Ground Floor, Gola Market, Behind Golcha Cinema _bNew Delhi _e110002 |
||
| 300 |
_a183p. _c21cm(Hb) |
||
| 942 |
_2ddc _cUR _h841.08 _mم ح م |
||